Загрузка...

Henderson`s dictionary of biological terms

Библиографические подробности
Главный автор: Holmes, S
Формат: Printed Book
Язык:Undetermined
English
Опубликовано: London Longman Group Ltd 1982
Редактирование:9
LEADER 00529nam a2200169Ia 4500
008 140306s9999 xx 000 0 und d
041 |a eng 
082 |a 570  |b HEN 
100 |a Holmes, S 
245 |a Henderson`s dictionary of biological terms 
250 |a 9 
260 |a London  |b Longman Group Ltd  |c 1982 
300 |a 510 
365 |b U.K.P.12.50 
942 |2 ddc  |c BK 
999 |c 105355  |d 105355 
952 |0 0  |1 0  |2 ddc  |4 0  |6 570_000000000000000_HEN  |7 0  |9 102103  |a KAUHCV  |b KAUHCV  |d 2004-03-15  |g 0.00  |o 570 HEN  |p KAU_HCV-20354  |r 2014-03-22  |w 2014-03-22  |y BK